000 00536nam a2200229Ia 4500
003 OSt
005 20220928105821.0
006 a|||||r|||| 00| 0
007 ta
008 220927b |||||||| |||| 00| 0 eng d
024 _a132636
037 _cTextual
040 _aSDCL
_cSDCL
_beng
041 _2eng
_aeng
082 _aR851v, D1.2
100 _aGomperz
_9416978
245 0 _aGreek thinkers
260 _c1955
300 _a397p
_ccm.
942 _hR851v, D1.2
_cTEXL
_2CC
999 _c732947
_d732947